000 01111nam a2200301 i 4500
003 EG-GICUC
005 20260417213747.0
008 260417s2003 ua ||||fr|||| 00| 0 ara d
040 _a EG-GICUC
_bara
_c EG-GICUC
_d EG-GICUC
_erda
041 _aara
082 0 4 _221
_a341.6
_bأ ي . م
092 0 4 _221
099 _aLaw1 11 341.6 أ ي . م 2003
100 1 _aأيمن سرور
_eمعد.
245 _aمنظمة الحماية من الأسلحة وأثارها :
_bتقارير دول مجلس التعاون الخليجي والعراق 2003 في مرصد الألغام الأرضية /
_cأيمن سرور.
264 _aالقاهرة :
_b[غير محدد]،
_c2003 .
300 _a95 ؛ صفحة
_c24 سم
336 _2rda content
_atext
337 _2rda media
_aComputer
338 _2rda carrier
_aOnline Resource
546 _aالنص باللغة العربية
650 1 _aالقانون الدولى
650 1 _aالقانون الحربى
651 1 _2qrmak
856 4 0 _uhttps://fll.law.cu.edu.eg/fulltext/bks/B11-10079.pdf
905 _a60
942 _2ddc
_cBK
_e21
_n0
999 _c71555
_d71555